000 00283nam a22001217a 4500
041 _aENG
100 _aGangstad.E.O
245 _aNatural Resouece Management Of Water And Land
260 _aNew York
_bVan Nostrand
_c1996
300 _a192
650 _aSWCE
856 _uSWCE ( 24 )
999 _c1839
_d1839